[Event "ESCC 2014 - 50+ Rapid"]
[Site "Porto POR"]
[Date "2014.03.20"]
[Round "7.6"]
[White "Kasoshvili, Tsiala"]
[Black "Baliuniene, Margarita"]
[Result "1-0"]
[WhiteElo "2112"]
[BlackElo "1870"]
[PlyCount "63"]
[EventDate "2014.??.??"]

1. d4 d5 2. Nf3 Nf6 3. g3 e6 4. Bg2 c5 5. c4 dxc4 6. Qa4+ Bd7 7. Qxc4 cxd4 8.
Nxd4 Qc8 9. Qxc8+ Bxc8 10. Nc3 Bc5 11. Ndb5 Na6 12. O-O O-O 13. Bf4 Nh5 14. Be5
f6 15. Bd6 Rd8 16. Rfd1 Bb6 17. e3 f5 18. Na4 Ba5 19. Be7 Rxd1+ 20. Rxd1 Kf7
21. Ba3 Nb4 22. Nd6+ Kg6 23. Nc4 Nc2 24. Nxa5 Nxa3 25. bxa3 Rb8 26. Rd8 Nf6 27.
Nc4 b5 28. Ne5+ Kh6 29. Nc5 Nd5 30. Bxd5 exd5 31. Nf7+ Kg6 32. Nd6 1-0

[Event "ESCC 2014 - 50+ Rapid"]
[Site "Porto POR"]
[Date "2014.03.20"]
[Round "7.7"]
[White "Morais, Vitor"]
[Black "Silva, Rui Almeida"]
[Result "1-0"]
[WhiteElo "2081"]
[BlackElo "1804"]
[PlyCount "63"]
[EventDate "2014.??.??"]

1. d4 d5 2. Bf4 e6 3. e3 c5 4. h3 cxd4 5. exd4 Nf6 6. Nf3 Bd6 7. Bb5+ Nc6 8.
Bxd6 Qxd6 9. O-O O-O 10. c3 Bd7 11. Re1 a6 12. Bd3 b5 13. Nbd2 Rfe8 14. Ne5
Rac8 15. f4 h6 16. a4 Rb8 17. axb5 axb5 18. Nb3 Qc7 19. Nc5 Nxe5 20. fxe5 Nh7
21. Na6 Qb7 22. Nxb8 Rxb8 23. Qc2 f5 24. exf6 Nxf6 25. Re5 Kf7 26. Rf1 Re8 27.
Bg6+ Ke7 28. Bxe8 Kxe8 29. Qg6+ Kf8 30. Rxf6+ gxf6 31. Qxf6+ Kg8 32. Qxh6 1-0

[Event "ESCC 2014 - 50+ Rapid"]
[Site "Porto POR"]
[Date "2014.03.20"]
[Round "7.8"]
[White "Jenssen, Ove S"]
[Black "Chireykina, Natalia"]
[Result "1/2-1/2"]
[WhiteElo "1872"]
[BlackElo "1891"]
[PlyCount "76"]
[EventDate "2014.??.??"]

1. e4 c5 2. c3 d5 3. exd5 Qxd5 4. d4 cxd4 5. cxd4 e5 6. Nf3 e4 7. Nc3 Bb4 8.
Ne5 Bxc3+ 9. bxc3 Nf6 10. Bc4 Qa5 11. Bxf7+ Ke7 12. Qb3 Nc6 13. Ba3+ Kd8 14.
O-O Qb6 15. Qa4 Bd7 16. Nxd7 Nxd7 17. Rab1 Qc7 18. Qb3 Nb6 19. Qe6 Qd7 20. d5
Na5 21. Bc5 Nac4 22. Rfd1 Rc8 23. Bd4 Nd6 24. Bxg7 Nxf7 25. Bxh8 Nxh8 26. Qe5
Nf7 27. Qxe4 Rxc3 28. d6 Rc4 29. Qxh7 Rg4 30. Qh5 Re4 31. Qg6 Rg4 32. Qf6+ Kc8
33. Rbc1+ Kb8 34. Rc7 Rxg2+ 35. Kxg2 Qg4+ 36. Kf1 Qxd1+ 37. Kg2 Qg4+ 38. Kf1
Qd1+ 1/2-1/2

[Event "ESCC 2014 - 50+ Rapid"]
[Site "Porto POR"]
[Date "2014.03.20"]
[Round "8.1"]
[White "Furman, Boris"]
[Black "Kalegin, Evgenij"]
[Result "0-1"]
[WhiteElo "2419"]
[BlackElo "2490"]
[PlyCount "116"]
[EventDate "2014.??.??"]

1. d4 Nf6 2. c4 g6 3. Nc3 Bg7 4. Nf3 O-O 5. Bg5 h6 6. Bh4 d6 7. e3 c6 8. Be2 a6
9. O-O b5 10. a3 bxc4 11. Bxc4 Nbd7 12. Nd2 c5 13. dxc5 Nxc5 14. b4 Ncd7 15.
Qb3 Ne5 16. Be2 Be6 17. Qa4 Qb6 18. Rac1 Rfc8 19. Nde4 Nxe4 20. Nxe4 f5 21. Nd2
g5 22. Bg3 Qb7 23. Nb3 Bd7 24. Qa5 Bb5 25. Rxc8+ Rxc8 26. Bxb5 axb5 27. Nd4 f4
28. exf4 Ng6 29. Qxb5 Qxb5 30. Nxb5 gxf4 31. Bxf4 Nxf4 32. g3 Ne2+ 33. Kg2 Nd4
34. Nxd4 Bxd4 35. Rd1 e5 36. Rd2 Rc3 37. Ra2 Rb3 38. Kh3 Kf7 39. Kg4 Kg6 40. h4
h5+ 41. Kh3 Kf5 42. Kg2 Bb2 43. a4 Rxb4 44. a5 Bd4 45. a6 Ba7 46. Kf3 e4+ 47.
Ke2 d5 48. f3 d4 49. Ra5+ Ke6 50. fxe4 Rb2+ 51. Kd3 Rb3+ 52. Kc2 Rxg3 53. Rxh5
Ra3 54. Rh7 Bc5 55. h5 d3+ 56. Kd2 Bb4+ 57. Ke3 d2+ 58. Ke2 Ra1 0-1

[Event "ESCC 2014 - 50+ Rapid"]
[Site "Porto POR"]
[Date "2014.03.20"]
[Round "8.2"]
[White "Strutinskaia, Galina"]
[Black "Sturua, Zurab"]
[Result "0-1"]
[WhiteElo "2338"]
[BlackElo "2525"]
[PlyCount "100"]
[EventDate "2014.??.??"]

1. d4 Nf6 2. c4 e6 3. Nc3 Bb4 4. f3 d5 5. a3 Be7 6. e4 dxe4 7. fxe4 e5 8. d5
Bc5 9. Nf3 Bg4 10. Bd3 Nbd7 11. h3 Bxf3 12. Qxf3 O-O 13. g4 Ne8 14. Bd2 a5 15.
O-O-O Nd6 16. h4 Bd4 17. Ne2 c5 18. a4 Qb6 19. Nc3 Qb3 20. Qe2 Nb6 21. Bc2 Qb4
22. Be1 Ndxc4 23. Bd3 Ne3 24. Rh3 c4 25. Rxe3 Bxe3+ 26. Qxe3 cxd3 27. Rxd3 Nxa4
28. Nxa4 Qxa4 29. Kb1 Rac8 30. Bc3 Rc4 31. d6 Rxe4 32. Qc5 Qb3 33. Qd5 Qxd5 34.
Rxd5 b6 35. d7 Rd8 36. Bxe5 Rxe5 37. Rxe5 Kf8 38. Rd5 Ke7 39. Rh5 h6 40. Rb5
Rb8 41. g5 hxg5 42. Rxg5 g6 43. h5 gxh5 44. Rxh5 Kxd7 45. Kc2 Rc8+ 46. Kb3 Rc5
47. Rh1 Rb5+ 48. Kc3 f5 49. b3 Ke6 50. Rh8 Rb4 0-1

[Event "ESCC 2014 - 50+ Rapid"]
[Site "Porto POR"]
[Date "2014.03.20"]
[Round "8.3"]
[White "Fernandes, Antonio"]
[Black "Gurieli, Nino"]
[Result "1-0"]
[WhiteElo "2419"]
[BlackElo "2298"]
[PlyCount "95"]
[EventDate "2014.??.??"]

1. e4 g6 2. d4 Bg7 3. Nc3 d6 4. Nge2 Nf6 5. g3 O-O 6. Bg2 e5 7. h3 Nc6 8. Be3
exd4 9. Nxd4 Re8 10. O-O Bd7 11. Re1 Qc8 12. Kh2 Ne5 13. b3 a6 14. f4 Neg4+ 15.
hxg4 Nxg4+ 16. Kh1 c5 17. Bg1 cxd4 18. Nd5 Ne3 19. Bxe3 dxe3 20. Nb6 Qd8 21.
Nxa8 Bxa1 22. Qxa1 Qxa8 23. Qd4 Bc6 24. Rxe3 b5 25. Kg1 f5 26. Rc3 b4 27. Rc4
Rd8 28. exf5 d5 29. Rxb4 gxf5 30. Qf6 Qa7+ 31. Kh2 Qd7 32. Rb6 Rc8 33. c4 Ba8
34. Rd6 Qf7 35. Qxf7+ Kxf7 36. Bxd5+ Bxd5 37. Rxd5 Ke6 38. Kh3 Rg8 39. Re5+ Kf6
40. Ra5 Ra8 41. b4 h5 42. b5 Rc8 43. Rxa6+ Kg7 44. Rc6 Ra8 45. b6 Rxa2 46. c5
Ra1 47. b7 Rb1 48. Rb6 1-0

[Event "ESCC 2014 - 50+ Rapid"]
[Site "Porto POR"]
[Date "2014.03.20"]
[Round "8.4"]
[White "Arkell, Keith C"]
[Black "Maryasin, Boris"]
[Result "1/2-1/2"]
[WhiteElo "2404"]
[BlackElo "2305"]
[PlyCount "81"]
[EventDate "2014.??.??"]

1. d4 d5 2. c4 dxc4 3. e4 Nc6 4. Nf3 Bg4 5. Bxc4 e6 6. d5 Bxf3 7. Qxf3 Ne5 8.
Bb5+ c6 9. Qc3 cxb5 10. Qxe5 Qf6 11. Qxf6 Nxf6 12. dxe6 Nxe4 13. exf7+ Kxf7 14.
O-O Bc5 15. Nd2 Rhe8 16. Nxe4 Rxe4 17. Be3 Bxe3 18. fxe3+ Ke6 19. Kf2 Rc8 20.
Rfe1 Rc2+ 21. Re2 Rec4 22. Rae1 a5 23. Rxc2 Rxc2+ 24. Re2 Rc1 25. Kf3 Ke5 26.
Rd2 a4 27. e4 Rf1+ 28. Ke2 Rg1 29. Kf2 Rb1 30. Rd5+ Kxe4 31. Rxb5 a3 32. b4
Rb2+ 33. Kg3 Rxa2 34. Rxb7 Rb2 35. Rxg7 a2 36. Ra7 Kd3 37. Kf4 Rxb4+ 38. Kg5
Rb2 39. h4 Kc2 40. g4 Kb1 41. Kh6 1/2-1/2

[Event "ESCC 2014 - 50+ Rapid"]
[Site "Porto POR"]
[Date "2014.03.20"]
[Round "8.5"]
[White "Mednikova, Svetlana"]
[Black "Kasoshvili, Tsiala"]
[Result "0-1"]
[WhiteElo "2094"]
[BlackElo "2112"]
[PlyCount "106"]
[EventDate "2014.??.??"]

1. e4 c6 2. d4 g6 3. g3 Bg7 4. Bg2 d6 5. Ne2 Nf6 6. O-O O-O 7. Nbc3 Nbd7 8. h3
e5 9. Be3 h6 10. Qd2 Kh7 11. f4 exd4 12. Bxd4 Qc7 13. g4 Ne8 14. Ng3 Bxd4+ 15.
Qxd4 Qb6 16. Qxb6 axb6 17. a4 Kg7 18. b3 Nc5 19. f5 Nd7 20. Rad1 Ra5 21. Nge2
g5 22. b4 Re5 23. Nd4 Ndf6 24. Rfe1 Re7 25. b5 Rc7 26. Rb1 Nd7 27. bxc6 bxc6
28. Nf3 Kf6 29. Kf2 Ba6 30. Bf1 Bxf1 31. Kxf1 Rc8 32. Re2 Rb8 33. Rbe1 Ne5 34.
Nxe5 Kxe5 35. Rb1 Nf6 36. Kf2 Rfe8 37. Rd1 Re7 38. Red2 Rd7 39. Kf3 Ra8 40. h4
Rg8 41. Rh2 Ra7 42. Rg1 Ra5 43. hxg5 hxg5 44. Ke3 Rc5 45. Kd3 b5 46. axb5 cxb5
47. Rb1 Nxg4 48. Rg2 Nf6 49. Rxb5 Rxb5 50. Nxb5 Nxe4 51. Nd4 Rc8 52. c4 Ra8 53.
Nf3+ Kf4 0-1

[Event "ESCC 2014 - 50+ Rapid"]
[Site "Porto POR"]
[Date "2014.03.20"]
[Round "8.6"]
[White "Jenssen, Ove S"]
[Black "Morais, Vitor"]
[Result "1/2-1/2"]
[WhiteElo "1872"]
[BlackElo "2081"]
[PlyCount "93"]
[EventDate "2014.??.??"]

1. e4 Nf6 2. e5 Nd5 3. d4 d6 4. f4 Bf5 5. Nf3 e6 6. Bd3 Bxd3 7. Qxd3 Nc6 8. c3
Be7 9. O-O O-O 10. Nbd2 dxe5 11. fxe5 f5 12. exf6 Bxf6 13. Ne4 Qe7 14. Bg5 Rae8
15. Nxf6+ gxf6 16. Bh6 Rf7 17. Rae1 Kh8 18. Qb5 Qd7 19. Qd3 Rg8 20. Qe4 Nd8 21.
Nh4 Qd6 22. Rf3 Ne7 23. Bf4 Qb6 24. Qc2 Rg4 25. Bg3 e5 26. h3 Rg8 27. Bf2 exd4
28. Bxd4 Qd6 29. Ref1 Rgf8 30. Nf5 Nxf5 31. Qxf5 Nc6 32. Bxf6+ Rxf6 33. Qxf6+
Rxf6 34. Rxf6 Qc5+ 35. Kh1 Ne5 36. R1f5 Qe3 37. Rf1 Ng6 38. Rf7 Qe2 39. R1f2
Qe6 40. R2f6 Qe1+ 41. Rf1 Qe5 42. Rd1 Ne7 43. Rd8+ Ng8 44. Rdd7 Qe1+ 45. Kh2
Qe5+ 46. Kh1 Qe1+ 47. Kh2 1/2-1/2

[Event "ESCC 2014 - 50+ Rapid"]
[Site "Porto POR"]
[Date "2014.03.20"]
[Round "8.7"]
[White "Silva, Rui Almeida"]
[Black "Bebchuk, Boris"]
[Result "0-1"]
[WhiteElo "1804"]
[BlackElo "2126"]
[PlyCount "80"]
[EventDate "2014.??.??"]

1. e4 c5 2. Nf3 d6 3. d4 cxd4 4. Nxd4 Nf6 5. Nc3 a6 6. Bg5 e6 7. Be2 Be7 8. O-O
b5 9. a3 Bb7 10. Bd3 Nbd7 11. Nf3 Qc7 12. Re1 O-O 13. h3 Rfe8 14. Bh4 Rac8 15.
Bg3 Qb6 16. Qd2 h6 17. Qe3 Qxe3 18. Rxe3 Nb6 19. Nd2 Nfd7 20. Ree1 Nc5 21. Rad1
Red8 22. Kf1 Bf6 23. Ndb1 Nxd3 24. cxd3 d5 25. e5 Be7 26. d4 Nc4 27. Re2 Bc6
28. Rc2 a5 29. Nd2 b4 30. axb4 axb4 31. Nxc4 dxc4 32. Ne2 Ba4 33. Rcc1 Bxd1 34.
Rxd1 c3 35. bxc3 bxc3 36. Rc1 c2 37. f3 Ba3 38. Ra1 c1=Q+ 39. Nxc1 Rxc1+ 40.
Rxc1 Bxc1 0-1

[Event "ESCC 2014 - 50+ Rapid"]
[Site "Porto POR"]
[Date "2014.03.20"]
[Round "8.8"]
[White "Baliuniene, Margarita"]
[Black "Chireykina, Natalia"]
[Result "1-0"]
[WhiteElo "1870"]
[BlackElo "1891"]
[PlyCount "49"]
[EventDate "2014.??.??"]

1. d4 Nf6 2. c4 g6 3. Nc3 Bg7 4. Nf3 d6 5. e4 O-O 6. Be2 Nbd7 7. O-O c6 8. h3
e5 9. dxe5 dxe5 10. b4 a5 11. b5 Nc5 12. Qc2 Qe7 13. Ba3 Rd8 14. Rfd1 Rxd1+ 15.
Rxd1 b6 16. bxc6 Qc7 17. Nb5 Qxc6 18. Nxe5 Qxe4 19. Qxe4 Nfxe4 20. Rd8+ Bf8 21.
Nc7 Bg4 22. Nxa8 Bxe2 23. Nxb6 Kg7 24. Rxf8 Kxf8 25. Ned7+ 1-0

[Event "ESCC 2014 - 50+ Rapid"]
[Site "Porto POR"]
[Date "2014.03.20"]
[Round "9.1"]
[White "Kalegin, Evgenij"]
[Black "Bogumil, Tatiana"]
[Result "1-0"]
[WhiteElo "2490"]
[BlackElo "2162"]
[PlyCount "95"]
[EventDate "2014.??.??"]

1. e4 e5 2. Bc4 Nc6 3. Nf3 Be7 4. O-O d6 5. d3 Nf6 6. c3 O-O 7. Re1 a6 8. Bb3
b5 9. Nbd2 Bb7 10. Nf1 Na5 11. Bc2 c5 12. Ng3 g6 13. Bh6 Re8 14. h3 Bf8 15. Qd2
Bg7 16. Bg5 Qc7 17. b4 Nc6 18. Bb3 Nd8 19. Bh6 Bh8 20. Ng5 c4 21. dxc4 bxc4 22.
Bc2 Ne6 23. Nxe6 fxe6 24. Rad1 Rad8 25. Ba4 Re7 26. Qg5 Rf7 27. Qh4 Bg7 28. Bg5
Rdf8 29. Rd2 d5 30. Red1 Nd7 31. Qg4 Nb6 32. Bc2 Qc6 33. Be3 Nc8 34. exd5 exd5
35. Rxd5 Ne7 36. Be4 Bc8 37. Qe2 Be6 38. Rd6 Qc8 39. Bc5 Re8 40. a4 Bf8 41. a5
Kg7 42. Bf3 Nf5 43. Qxe5+ Kg8 44. Rc6 Bd7 45. Rxc8 Rxe5 46. Rxf8+ Rxf8 47. Bxf8
Kxf8 48. Rxd7 1-0

[Event "ESCC 2014 - 50+ Rapid"]
[Site "Porto POR"]
[Date "2014.03.20"]
[Round "9.2"]
[White "Fernandes, Antonio"]
[Black "Arkell, Keith C"]
[Result "1-0"]
[WhiteElo "2419"]
[BlackElo "2404"]
[PlyCount "49"]
[EventDate "2014.??.??"]

1. e4 c6 2. d4 d5 3. Nc3 dxe4 4. Nxe4 Nd7 5. Nf3 Ngf6 6. Neg5 h6 7. Nh3 g5 8.
Nhg1 g4 9. Nh4 e6 10. g3 c5 11. Ne2 cxd4 12. Nxd4 Bc5 13. Nb3 Bb6 14. Bg2 Nc5
15. Qe2 Qe7 16. Bf4 Bd7 17. O-O-O Nxb3+ 18. axb3 Bc6 19. Bd6 Qd8 20. Bxc6+ bxc6
21. Bb4 Nd7 22. Kb1 Qg5 23. f4 gxf3 24. Qxf3 Rc8 25. Rxd7 1-0

[Event "ESCC 2014 - 50+ Rapid"]
[Site "Porto POR"]
[Date "2014.03.20"]
[Round "9.3"]
[White "Morais, Vitor"]
[Black "Sturua, Zurab"]
[Result "0-1"]
[WhiteElo "2081"]
[BlackElo "2525"]
[PlyCount "58"]
[EventDate "2014.??.??"]

1. b3 e5 2. Bb2 Nc6 3. e3 Nf6 4. d3 d5 5. Nf3 Bd6 6. Be2 O-O 7. Nbd2 Re8 8. O-O
h6 9. c4 e4 10. Nd4 Ne5 11. dxe4 dxe4 12. h3 c6 13. Qc2 Ng6 14. Rfd1 Qe7 15.
Nf1 Nh7 16. Rac1 Ng5 17. Bg4 Nh4 18. Ng3 Be5 19. Bxc8 Raxc8 20. Ndf5 Nxf5 21.
Nxf5 Qe6 22. Bxe5 Qxf5 23. Bg3 Rcd8 24. Rxd8 Rxd8 25. Rd1 Rd3 26. Re1 Qd7 27.
Re2 Rd1+ 28. Kh2 Qxh3+ 29. gxh3 Nf3+ 0-1

[Event "ESCC 2014 - 50+ Rapid"]
[Site "Porto POR"]
[Date "2014.03.20"]
[Round "9.4"]
[White "Kasoshvili, Tsiala"]
[Black "Furman, Boris"]
[Result "1/2-1/2"]
[WhiteElo "2112"]
[BlackElo "2225"]
[PlyCount "27"]
[EventDate "2014.??.??"]

1. d4 Nf6 2. Nf3 d5 3. g3 e6 4. Bg2 b5 5. a4 b4 6. O-O Bb7 7. Ne5 Nbd7 8. Nxd7
Qxd7 9. c4 bxc3 10. bxc3 Be7 11. c4 O-O 12. Qc2 Rac8 13. c5 c6 14. Qd1 1/2-1/2

[Event "ESCC 2014 - 50+ Rapid"]
[Site "Porto POR"]
[Date "2014.03.20"]
[Round "9.5"]
[White "Maryasin, Boris"]
[Black "Strutinskaia, Galina"]
[Result "1-0"]
[WhiteElo "2305"]
[BlackElo "2338"]
[PlyCount "132"]
[EventDate "2014.??.??"]

1. e4 c5 2. Nf3 Nc6 3. Bb5 e6 4. O-O Nge7 5. Re1 Ng6 6. Nc3 Be7 7. d4 cxd4 8.
Nxd4 O-O 9. Be3 Qc7 10. Qh5 b6 11. Rad1 Bb7 12. Nf3 d6 13. Ng5 Bxg5 14. Bxg5 a6
15. Bf1 b5 16. Rd3 f6 17. Bc1 Rfd8 18. Rh3 Nf8 19. a3 b4 20. axb4 Nxb4 21. Bd3
Rac8 22. Qg4 Rd7 23. f4 a5 24. Be3 Bc6 25. f5 Nxd3 26. cxd3 e5 27. d4 Qb7 28.
d5 Bb5 29. Qd1 Ra8 30. Qb3 Ba6 31. Qa3 Qb4 32. Na4 Qxa3 33. bxa3 Rb8 34. Bd2
Bb5 35. Nc3 Rdb7 36. Nxb5 Rxb5 37. Rc3 Rb2 38. Bc1 R2b6 39. Be3 Rb3 40. Rec1 a4
41. Kf2 Nd7 42. Rc7 Rb2+ 43. Kf3 Nf8 44. Ra7 g5 45. fxg6 hxg6 46. Rxa4 f5 47.
Rac4 f4 48. Bf2 g5 49. R1c2 R2b3+ 50. Kg4 Rxa3 51. Kxg5 Ra7 52. Rc7 Nh7+ 53.
Kg6 Rxc7 54. Rxc7 Nf8+ 55. Kf5 Rb2 56. Bh4 Rxg2 57. Be7 f3 58. Rc8 Kf7 59. Bxd6
Ng6 60. Rc7+ Ke8 61. Bc5 Nf4 62. d6 f2 63. Re7+ Kd8 64. Bb6+ Kc8 65. d7+ Kb7
66. d8=Q+ Kc6 1-0

[Event "ESCC 2014 - 50+ Rapid"]
[Site "Porto POR"]
[Date "2014.03.20"]
[Round "9.6"]
[White "Chireykina, Natalia"]
[Black "Bebchuk, Boris"]
[Result "1/2-1/2"]
[WhiteElo "1891"]
[BlackElo "2126"]
[PlyCount "62"]
[EventDate "2014.??.??"]

1. e4 c5 2. Nf3 d6 3. d4 cxd4 4. Nxd4 Nf6 5. Nc3 a6 6. Be2 e5 7. Nb3 Be7 8. O-O
Be6 9. f4 Qc7 10. Kh1 Nbd7 11. Be3 Rc8 12. g4 exf4 13. Bxf4 Ne5 14. g5 Nfd7 15.
Nd4 O-O 16. Nd5 Bxd5 17. exd5 Rfe8 18. Nf5 Bf8 19. c3 Nb6 20. Rc1 Qd7 21. Bxe5
Rxe5 22. Bg4 Qb5 23. Nd4 Qxd5+ 24. Bf3 Qxa2 25. Rc2 Rc7 26. Rcf2 Nd5 27. b3 Qa5
28. c4 Ne3 29. Qd3 Nxf1 30. Rxf1 Rce7 31. Nf5 Rxf5 1/2-1/2

[Event "ESCC 2014 - 50+ Rapid"]
[Site "Porto POR"]
[Date "2014.03.20"]
[Round "9.7"]
[White "Baliuniene, Margarita"]
[Black "Jenssen, Ove S"]
[Result "1-0"]
[WhiteElo "1870"]
[BlackElo "1872"]
[PlyCount "115"]
[EventDate "2014.??.??"]

1. d4 Nf6 2. c4 c5 3. d5 b5 4. cxb5 a6 5. e3 axb5 6. Bxb5 g6 7. Nf3 Bg7 8. O-O
O-O 9. Nc3 d6 10. Bd2 Bb7 11. e4 Nbd7 12. Re1 Ng4 13. Qc2 Nde5 14. Ne2 Qb6 15.
a4 Nxf3+ 16. gxf3 Ne5 17. Kg2 c4 18. Be3 Qc7 19. Red1 f5 20. Nd4 Bc8 21. Nc6
fxe4 22. fxe4 Bg4 23. Rg1 Nf3 24. Rgc1 Rf7 25. Bxc4 Qc8 26. Bf1 Nh4+ 27. Kg1
Bf3 28. Nxe7+ Rxe7 29. Qxc8+ Rxc8 30. Rxc8+ Kf7 31. Bh3 Kf6 32. Rac1 Bxe4 33.
Be6 Nf3+ 34. Kf1 Nxh2+ 35. Ke2 Bf3+ 36. Kd3 Ke5 37. Bd4+ Kf4 38. Bxg7 Rxg7 39.
b4 Be4+ 40. Kc4 Nf3 41. a5 Ne5+ 42. Kb5 Rb7+ 43. Ka6 Rxb4 44. R8c7 Bd3+ 45. Ka7
Ra4 46. Kb6 Rb4+ 47. Ka7 Ra4 48. Rxh7 Rxa5+ 49. Kb6 Rb5+ 50. Kc7 g5 51. Rg7 Rb2
52. Kxd6 Rxf2 53. Ke7 Ng6+ 54. Ke8 Ke5 55. Re1+ Kd6 56. Rd7+ Kc5 57. Rc7+ Kd6
58. Rc6# 1-0

[Event "ESCC 2014 - 50+ Rapid"]
[Site "Porto POR"]
[Date "2014.03.20"]
[Round "9.8"]
[White "Silva, Rui Almeida"]
[Black "Mednikova, Svetlana"]
[Result "0-1"]
[WhiteElo "1804"]
[BlackElo "2094"]
[PlyCount "54"]
[EventDate "2014.??.??"]

1. e4 e5 2. Nf3 Nc6 3. Bc4 Bc5 4. d3 a6 5. Ng5 Nh6 6. O-O Na5 7. Bb3 Nxb3 8.
axb3 O-O 9. Nf3 Qf6 10. Bxh6 gxh6 11. Nbd2 d6 12. Nc4 Kh8 13. Kh1 Rg8 14. Qe2
c6 15. Ncd2 Bg4 16. Rg1 Rg7 17. h3 Be6 18. Nf1 h5 19. N1h2 Rag8 20. Raf1 Qh6
21. c4 f5 22. h4 Qg6 23. exf5 Bxf5 24. Rd1 h6 25. Qd2 Bg4 26. Nxg4 hxg4 27. Nh2
g3 0-1